| 000 | 00336nam a2200133Ia 4500 | ||
|---|---|---|---|
| 008 | 150201s2010 xx 000 0 und d | ||
| 082 |
_a530.0724 _bWOR |
||
| 100 | _aWorsnop,B.L | ||
| 245 | _aAdvanced practical physics | ||
| 260 |
_bKhosla Publishing House _aNew Delhi _c2010 |
||
| 300 | _a754p. | ||
| 700 | _aFlint,H.T | ||
| 942 |
_2ddc _cBK |
||
| 999 |
_c5136 _d5136 |
||